| 000 | 00697nam a2200217 i 4500 | ||
|---|---|---|---|
| 001 | 55225 | ||
| 003 | ES-MaACL | ||
| 005 | 20250820140236.0 | ||
| 007 | t| | ||
| 008 | 030916s1972 sp ||||1| cat d | ||
| 100 | 1 |
_aVolpe, Galvano della. _9115711 |
|
| 245 | 1 | 0 |
_aLógica materialista / _cGalvano della Volpe ; práoleg de Josep Blasco ; [traducció, Francesc Mira]. |
| 260 |
_a[Barcelona : _bLavinia, _c1972] |
||
| 300 |
_a86 p. ; _c20 cm. |
||
| 490 | 1 | _aQuaderns tres i quatre | |
| 700 | 1 |
_aBlasco, Josep Lluís, _d1940-2003 _929370 |
|
| 700 | 1 |
_aMira, Francesc. _981444 |
|
| 830 | 0 |
_aQuaderns tres i quatre _9230322 |
|
| 852 |
_aES-MaACL _jC-50080 _bR.81507 |
||
| 999 |
_c55225 _d55225 |
||